00530nam a2200169Ia 4500003000900000008004100009020001800050040001600068080002300084100001600107245010000123260003700223300001500260650004100275650002400316650002000340IN-BaIIA211028s9999 xx 000 0 eng d a0-7923-3028-5 cIIA Library a52(082.1)bASS-198 aShi-hui, Ye 0aMagnetic fields of celestial bodiescYe Shi-hui  aDordrechtbKluwer Academicc1994 axvi, 340p. aAstronomy and astrophysics thesaurus aCelestial mechanics aMagnetic fields